000 00374nam a2200169Ia 4500
008 170705s9999 xx 000 0 und d
020 _a9780439686181
245 _aOwen /
245 _cKevin Henkes.
260 _aNew York :
260 _bScholastic,
260 _c1993
300 _aunpaged :
300 _bcolor illustration ;
300 _c25cm.
500 _a370
999 _c337005
_d337005